Media policy and ethics. (Record no. 50940)

MARC details
000 -LEADER
fixed length control field 00649nam a2200181 a 4500
008 - FIXED-LENGTH DATA ELEMENTS--GENERAL INFORMATION
fixed length control field 081111s1989 ||||||||||||||||| || u
020 ## - INTERNATIONAL STANDARD BOOK NUMBER
International Standard Book Number 0702122998
050 ## - LIBRARY OF CONGRESS CALL NUMBER
Classification number P 95.8 Oos
100 ## - MAIN ENTRY--PERSONAL NAME
Personal name Oosthuizen, Lucas M
245 10 - TITLE STATEMENT
Title Media policy and ethics.
Statement of responsibility, etc. Lucas M. Oosthuizen
260 ## - PUBLICATION, DISTRIBUTION, ETC.
Place of publication, distribution, etc. Cape Town
Name of publisher, distributor, etc. Juta and Company
Date of publication, distribution, etc. 1989
300 ## - PHYSICAL DESCRIPTION
Extent ix, 102p
350 ## - PRICE (NR) (BK AM CF MU VM SE) [OBSOLETE]
Price 22500.00
650 ## - SUBJECT ADDED ENTRY--TOPICAL TERM
Topical term or geographic name entry element MEDIA
650 ## - SUBJECT ADDED ENTRY--TOPICAL TERM
Topical term or geographic name entry element MASS MEDIA POLICY
650 ## - SUBJECT ADDED ENTRY--TOPICAL TERM
Topical term or geographic name entry element MASS MEDIA--MORAL AND ETHICAL ASPECTS
995 ## - RECOMMENDATION 995 [LOCAL, UNIMARC FRANCE]
-- 22500.00
-- CBU-MAIN LIBRARY (Kitwe)
-- 1
-- 0.00
-- 1
-- AVAILABLE
-- Nov 11, 2008
-- Main Library Open Access Collection
Holdings
Withdrawn status Lost status Source of classification or shelving scheme Damaged status Not for loan Home library Current library Shelving location Date acquired Total Checkouts Full call number Barcode Date last seen Price effective from Koha item type
          CBU-MAIN LIBRARY, KITWE. CBU-MAIN LIBRARY, KITWE.   11/30/2022   P 95.8 Oos 738311 11/30/2022 11/30/2022 MONOGRAPH